PICTURE ATLAS (Record no. 2170)
[ view plain ]
| 000 -LEADER | |
|---|---|
| fixed length control field | 00268nam a22001217a 4500 |
| 082 ## - DEWEY DECIMAL CLASSIFICATION NUMBER | |
| Classification number | 001 |
| Item number | GAN/P |
| 100 ## - MAIN ENTRY--AUTHOR NAME | |
| Personal name | GANERI, ANITA |
| 245 ## - TITLE STATEMENT | |
| Title | PICTURE ATLAS |
| 260 ## - PUBLICATION, DISTRIBUTION, ETC. (IMPRINT) | |
| Place of publication | LONDON |
| Name of publisher | DK BOOKS |
| Year of publication | 2003 |
| 300 ## - PHYSICAL DESCRIPTION | |
| Number of Pages | 128 |
| 650 ## - SUBJECT ADDED ENTRY--TOPICAL TERM | |
| Topical Term | GENERAL KNOWLEDGE |
| Geographic subdivision | UNITED KINGDOM |
| 942 ## - ADDED ENTRY ELEMENTS (KOHA) | |
| Koha item type | Books |
| Withdrawn status | Lost status | Collection code | Home library | Current library | Shelving location | Date acquired | Source of acquisition | Full call number | Accession Number | Koha item type |
|---|---|---|---|---|---|---|---|---|---|---|
| Reference | Main Library | Main Library | SHELF 1 H -DICTIONARY, ENCYCLOPEDIA | 19/06/2023 | purchase | 001 GAN/P | 12804 | Books | ||
| Reference | Main Library | Main Library | SHELF 1 H -DICTIONARY, ENCYCLOPEDIA | 04/05/2015 | purchase | 001 GAN/P | 09521 | Books |